000 01110nam a2200301 i 4500
001 16843
003 ES-MaACL
005 20240301062531.0
007 t|
008 001113s1987 sp ||||0| spa j ..|
015 _a1989-ABR-9051
016 7 _zSAB9000046169
040 _aM-BN-DP
_bspa
_cM-BN-DP
080 _a76 Arnáiz, Doroteo (064.3)
100 1 _aArnáiz, Doroteo.
_923014
245 1 0 _aDoroteo Arnáiz
_b: técnicas del grabado.
260 _aMadrid :
_bMinisterio de Cultura, Direccion General del Libro y Bibliotecas,
_c1987.
300 _a143 p :
_bil ;
_c25 cm.
500 _aCatálogo de la exposición celebrada en Madrid, salas Ramón Carande de la Biblioteca Nacional, del 4 de junio al 15 de septiembre de 1987.
500 _aNIPO 301-87-016-1.
600 1 4 _aArnáiz, Doroteo-
_vExposiciones.
_923015
655 7 _2tgfbne
_9193628
_aCatálogos de exposiciones
710 2 _aBiblioteca Nacional (España)
_92188
710 1 _aEspaña.
_bDirección General del Libro y Bibliotecas.
_93788
852 _aES-MaACL
_jG-4102
_bR.113713
942 _2udc
999 _c16843
_d16843